Ekonómia životného prostredia

Salvato in:
Dettagli Bibliografici
Autore principale: Zapletal, Vladimír
Ente Autore: Vysoká škola ekonomická v Bratislave. Národohospodárska fakulta
Natura: Libro
Lingua:slovacco
Pubblicazione: Bratislava Vysoká škola ekonomická 1985
Tags: Aggiungi Tag
Nessun Tag, puoi essere il primo ad aggiungerne!!

MARC

LEADER 00000nam a2200000 4500
001 c106112
005 20221220075310.5
041 0 |a slo 
044 |a SK 
245 1 0 |a Ekonómia životného prostredia  |c Vladimír Zapletal 
264 1 |a Bratislava  |b Vysoká škola ekonomická  |c 1985 
300 |a 157 s. 
100 1 |a Zapletal, Vladimír 
710 2 |a Vysoká škola ekonomická v Bratislave. Národohospodárska fakulta